LEADER 01119nam a2200277 i 4500 001 991001784089707536 005 20020507151704.0 008 000104s1994 it ||| | ita 020 $a8813175639 035 $ab11563564-39ule_inst 035 $aLE02725148$9ExL 040 $aDip.to Studi Giuridici$bita 082 0 $a343.45072102638 100 1 $aAfferni, Vittorio$0136424 245 10$aConcorrenza e mercato :$bcommento alla Legge 10 ottobre 1990, n. 287 e al Decreto legislativo 25 gennaio 1992, n. 74 /$ca cura di Vittorio Afferni ; con i contributi di Maria Cleme Bartesaghi ... [et al.] 260 $aPadova :$bCEDAM,$c1994 300 $axviii, 769 p. ;$c22 cm. 490 0 $aBiblioteca giuridica ;$v7 650 4$aLibera concorrenza$xLegislazione 700 1 $aBartesaghi, Maria Cleme 907 $a.b11563564$b01-03-17$c02-07-02 912 $a991001784089707536 945 $aLE027 343.07 AFF01.01$g1$i2027000270958$lle027$o-$pE0.00$q-$rl$s- $t0$u4$v2$w4$x0$y.i11766542$z02-07-02 996 $aConcorrenza e mercato$9895557 997 $aUNISALENTO 998 $ale027$b01-01-00$cm$da $e-$fita$git $h0$i1 LEADER 01241nam0 22002771i 450 001 UON00041559 005 20231205102148.336 100 $a20020107d1933 |0itac50 ba 101 $afre 102 $aFR 105 $a|||| 1|||| 200 1 $aFragments de textes koutchéens$eUdanavarga, Udanastotra, Udamalamkara et Karmavibhanga$fpubliés et traduits avec un vocabulaire et une introduction sur le "tokharien" par M. Sylvain Lévi 210 $aParis$cImprimerie Nationale$d1933 215 $a161 p.$d20 cm 410 1$1001UON00066102$12001 $aCahiers de la Societe Asiatique$v2 606 $aLINGUA TOCARIA$xTESTI$3UONC011616$2FI 620 $aFR$dParis$3UONL002984 686 $aAC II E$cASIA CENTRALE - LINGUISTICA - ALTRE LINGUE IRANICHE ANTICHE (TOCARIO)$2A 700 1$aLEVI$bM. Sylvain$3UONV026438$0648103 712 $aImprimerie Nationale$3UONV246214$4650 801 $aIT$bSOL$c20240220$gRICA 899 $aSIBA - SISTEMA BIBLIOTECARIO DI ATENEO$2UONSI 912 $aUON00041559 950 $aSIBA - SISTEMA BIBLIOTECARIO DI ATENEO$dSI AC II E 001 $eSI MR 22993 5 001 996 $aFragments de textes koutchéens$91152216 997 $aUNIOR